000 00630nam a2200181 i 4500
001 185729
003 SpMaBN
005 20230906222515.0
008 160804s1979 sp aco |||| |cspa d
020 _a84-600-0910-6
080 _a378.662.2(460.27 M.)(045)
110 2 _aEscuela Técnica Superior de Ingenieros de Minas.
_97439
245 1 0 _aII Centenario de la Escuela de Minas de España
_b: 1877-1977.
260 _aMadrid :
_bE.T.S.I.M.,
_c1979.
300 _a338 p. :
_bil., fot. ;
_c24 cm.
610 2 _aEscuela Técnica Superior de Ingenieros de Minas-
_vAniversarios y centenarios.
_97440
852 _aES-MaACL
_jL-30511
999 _c185729
_d185729